Immigration Law

Detalles Bibliográficos
Autor principal: Chai Yun Liew, Jamie
Otros Autores: Galloway, Donald
Formato: eBook
Lenguaje:inglés
Publicado: Toronto: Irwin Law Inc., 2015
Edición:Segunda Edicin̤
Materias:
Acceso en línea:Acceso restringido

MARC

LEADER 00000nam a22000007a 4500
005 2021081000530.0
007 cr|||| ||||
008 210810s2015 ca |||||s|||| 00||0 eng d
020 |a 9781552213933 
035 |a 34931 
040 |a vLex 
090 |c 11964  |d 11964 
100 1 |a Chai Yun Liew, Jamie 
245 1 0 |a Immigration Law  |h [Recurso electrn̤ico] /  |c Jamie Chai Yun Liew, Donald Galloway 
250 |a Segunda Edicin̤ 
256 |a Servicio en ln̕ea 
260 |a Toronto:  |b Irwin Law Inc.,  |c 2015 
300 |a 1 recurso electrn̤ico 
500 |a Canadian immigration and citizenship law has been subject to frequent and seemingly frenzied revision and reformulation by the government of the day as it attempts to identify the country’s social, economic, and demographic needs and to respond to perceived threats to its sovereign control over Canada’s borders. This book builds upon the first edition as an introductory guide to immigration, refugee, and citizenship law. Its aim is to provide an overview, or a starting point, both for those who want to investigate the mechanics of Canada’s immigration regime and for those who want to assess, critique, or question the aims and impacts of the law. The book is divided into four parts. Part 1 provides context and delves into the sources and evolution of Canadian immigration law. Part 2 examines status in Canada, identifying how persons may obtain, keep, and lose temporary or permanent status. Part 3 discusses the devices that the Canadian government uses to enforce immigration law. Part 4 examines judicial supervision of government action under the immigration regime, and in particular judicial review and constitutional challenges. Anyone interested in the general shape and sense of Canada’s immigration law and policy, in its evolution, and in the issues that will dominate the field in the future, will want to read this book. 
506 1 |a Disponible solo en los productos indicados  |d vLex Global  |d vLex Global (Academic Edition, excluding Law Schools)  |d vLex Global (U.S. Academic Edition, Law Schools)  |d vLex Global (U.S. Academic Edition, excluding Law Schools)  |d vLex Global (Academic Edition, Law Schools) 
650 0 4 |a Derecho Pb︢lico y Administrativo  |z Canad̀ 
700 1 |a Galloway, Donald 
740 0 |a vLex Libros (Servicio en ln̕ea) 
856 4 0 |u https://app.vlex.com/#/sources/34931  |z Acceso restringido 
942 |c BOOK 
999 0 |a Public and Administrative Law